=LDR 00000nam 2200000 4500 =001 INLIS000000000022409 =005 20130612121152 =008 ***********************************Ind** =035 ##$$0010-061300000022409 =041 ##$$a Ind =082 ##$$a 658.403 6 =090 ##$$a 658.403 6, Uto-p =100 ##$$a Utomo, Budi Sutejo Dharma =245 ##$$a Perencanaan dan Pembangunan Sistem Informasi, Budi Sutadjo Dharma Oetomo, S.Kom., MM =260 ##$$a 2002 $b Yogyakarta =300 ##$$a xxiv, 262 hlm., ilus, 24 cm =650 ##$$a Manajemen Informasi - Sistem =850 ##$$a NBPNMAT